Elements of workshop technology - Volume I Manufacturing Processes (Record no. 879801)

MARC details
000 -LEADER
fixed length control field 00431nam a2200157Ia 4500
008 - FIXED-LENGTH DATA ELEMENTS--GENERAL INFORMATION
fixed length control field 231011s2018 xx 000 0 und d
020 ## - INTERNATIONAL STANDARD BOOK NUMBER
International Standard Book Number 9788185099149
041 ## - LANGUAGE CODE
Language code of text/sound track or separate title eng
082 ## - DEWEY DECIMAL CLASSIFICATION NUMBER
Classification number 621.75 CHO/ROY
100 ## - MAIN ENTRY--PERSONAL NAME
Personal name Choudhary S K H , Roy N.
245 ## - TITLE STATEMENT
Title Elements of workshop technology - Volume I Manufacturing Processes
250 ## - EDITION STATEMENT
Edition statement 16th
260 ## - PUBLICATION, DISTRIBUTION, ETC.
Place of publication, distribution, etc. Chandigarh
Name of publisher, distributor, etc. Media Promoters
Date of publication, distribution, etc. 2018
300 ## - PHYSICAL DESCRIPTION
Extent xvi, 648
365 ## - TRADE PRICE
Price amount 280

No items available.